[Event "PERLA BALTYKU"]
[Site "Lazy"]
[Date "2013.07.07"]
[Round "8.13"]
[White "Kovalev, Egor"]
[Black "Kowalski, Maciej"]
[Result "1-0"]
[WhiteElo "2099"]
[BlackElo "1908"]
[PlyCount "119"]
[EventDate "2013.??.??"]

1. e4 e5 2. Nf3 Nc6 3. Bb5 f5 4. d3 fxe4 5. dxe4 Nf6 6. O-O Bc5 7. Qd3 d6 8.
Qc4 Qe7 9. b4 Be6 10. Bxc6+ bxc6 11. Qa6 Bb6 12. a4 Nxe4 13. a5 Bxf2+ 14. Rxf2
Nxf2 15. Qxc6+ Kf7 16. Kxf2 Rhf8 17. Nc3 Kg8 18. Kg1 Rab8 19. b5 Qf7 20. Be3
Bd7 21. Qe4 Bf5 22. Qa4 Ra8 23. Rf1 Qe6 24. Rf2 h6 25. Rd2 Bg4 26. Nd5 Bxf3 27.
gxf3 Rxf3 28. Nxc7 Qh3 29. Qc4+ Rf7 30. Rf2 Raf8 31. Bxa7 e4 32. Qe6 Qh5 33.
Be3 Kh8 34. Qxe4 Rxf2 35. Bxf2 Qg5+ 36. Kf1 Qc5 37. Qe2 Qxc7 38. a6 Qc3 39. b6
Qh3+ 40. Kg1 Rf4 41. b7 Rg4+ 42. Bg3 Rxg3+ 43. hxg3 Qxg3+ 44. Kf1 Qf4+ 45. Kg2
Qg5+ 46. Kf3 Qf5+ 47. Ke3 Qc5+ 48. Kd2 Qb4+ 49. c3 Qb2+ 50. Kd3 Qb5+ 51. c4
Qf5+ 52. Qe4 Qf1+ 53. Kd4 Qd1+ 54. Qd3 Qg1+ 55. Kd5 Qb6 56. Qd4 Qc7 57. Qb2
Qf7+ 58. Kxd6 Qf4+ 59. Qe5 Qf8+ 60. Kc7 1-0

[Event "PERLA BALTYKU"]
[Site "Lazy"]
[Date "2013.07.07"]
[Round "8.14"]
[White "Jacek, Roksana"]
[Black "Pietruszewski, Marcin"]
[Result "0-1"]
[WhiteElo "1835"]
[BlackElo "2099"]
[PlyCount "62"]
[EventDate "2013.??.??"]

1. e4 c5 2. c3 Nf6 3. e5 Nd5 4. d4 cxd4 5. Nf3 e6 6. cxd4 d6 7. Bc4 Be7 8. O-O
O-O 9. Qe2 b6 10. Nbd2 Bb7 11. Ne4 dxe5 12. dxe5 Nd7 13. Re1 Qc7 14. Ng3 Rac8
15. Bb3 Nc5 16. Bc2 Nb4 17. Nd4 Ba6 18. Qg4 Nxc2 19. Bh6 g6 20. Bxf8 Bxf8 21.
Nxc2 Nd3 22. Nd4 Nxe1 23. Rxe1 Qxe5 24. Nf3 Qxb2 25. h4 Rc2 26. Ne4 f5 27. Qf4
fxe4 28. Ng5 Rxf2 29. Qc7 Rxg2+ 30. Kh1 Rxg5 31. hxg5 Be2 0-1

[Event "PERLA BALTYKU"]
[Site "Lazy"]
[Date "2013.07.07"]
[Round "8.15"]
[White "Janik, Igor"]
[Black "Suliborski, Jakub"]
[Result "1-0"]
[WhiteElo "1930"]
[BlackElo "2007"]
[PlyCount "59"]
[EventDate "2013.??.??"]

1. e4 e6 2. d4 d5 3. Nd2 h6 4. Bd3 Nf6 5. e5 Nfd7 6. Ne2 b6 7. O-O Ba6 8. Bxa6
Nxa6 9. c4 dxc4 10. Nxc4 Nb4 11. Nf4 Be7 12. a3 Nd5 13. Nxd5 exd5 14. Ne3 c6
15. Qg4 g6 16. Kh1 h5 17. Qd1 Qc7 18. f4 f5 19. Qd3 O-O 20. Bd2 b5 21. Rac1 Qb7
22. h3 h4 23. Rg1 Kh7 24. g4 hxg3 25. Rxg3 Bh4 26. Rxg6 Kxg6 27. Nxf5 Rxf5 28.
Rg1+ Kf7 29. Qxf5+ Bf6 30. Qh7+ 1-0

[Event "PERLA BALTYKU"]
[Site "Lazy"]
[Date "2013.07.07"]
[Round "8.16"]
[White "Kaczorowski, Piotr"]
[Black "Smal, Tobiasz"]
[Result "1/2-1/2"]
[WhiteElo "2058"]
[BlackElo "1893"]
[PlyCount "110"]
[EventDate "2013.??.??"]

1. Nf3 Nf6 2. c4 g6 3. g3 Bg7 4. Bg2 O-O 5. O-O d6 6. d4 Nc6 7. Nc3 a6 8. Bd2
Rb8 9. Rc1 Bd7 10. a4 Re8 11. Re1 e5 12. dxe5 dxe5 13. Ng5 Nd4 14. Nge4 Nxe4
15. Nxe4 Qe7 16. e3 Ne6 17. Qb3 f5 18. Nc3 Nc5 19. Qc2 e4 20. Nd5 Qf7 21. Rb1
Bxa4 22. b3 Bc6 23. Nf4 Rbd8 24. Bc3 Bxc3 25. Qxc3 Qg7 26. Qc2 Nd3 27. Red1
Nxf4 28. gxf4 Qf6 29. Rxd8 Rxd8 30. Rd1 Rd6 31. Bf1 Be8 32. c5 Rxd1 33. Qxd1
Kf8 34. Bc4 Bc6 35. Kf1 Ke8 36. Qd2 h5 37. Ke2 h4 38. Qd4 Ke7 39. Qxf6+ Kxf6
40. Kd2 Bd7 41. b4 Be6 42. Be2 Bc8 43. Kc3 b6 44. Kd4 Bb7 45. Bc4 a5 46. cxb6
cxb6 47. bxa5 bxa5 48. Bb5 g5 49. Kc5 gxf4 50. exf4 Kg6 51. Kb6 Bd5 52. Kxa5
Bb3 53. Kb4 Bd1 54. Be8+ Kh6 55. Kc5 Kg7 1/2-1/2

[Event "PERLA BALTYKU"]
[Site "Lazy"]
[Date "2013.07.07"]
[Round "8.17"]
[White "Tselkovskiy, Kirill"]
[Black "Krainski, Slawomir"]
[Result "1/2-1/2"]
[WhiteElo "2027"]
[BlackElo "2035"]
[PlyCount "44"]
[EventDate "2013.??.??"]

1. e4 e5 2. Nf3 Nc6 3. Bc4 Nf6 4. d3 Be7 5. O-O O-O 6. Re1 d6 7. a4 Kh8 8. c3
Ng8 9. d4 f5 10. exf5 d5 11. Ba2 e4 12. Ne5 Bxf5 13. Qb3 Nxe5 14. dxe5 Bc5 15.
Be3 Bxe3 16. Rxe3 Ne7 17. Nd2 Bg6 18. Ree1 c6 19. f3 exf3 20. Nxf3 Be4 21. Ng5
Bf5 22. e6 Qb6+ 1/2-1/2

[Event "PERLA BALTYKU"]
[Site "Lazy"]
[Date "2013.07.07"]
[Round "8.18"]
[White "Mazalon, Mariusz"]
[Black "Galaktionov, Artem"]
[Result "1/2-1/2"]
[WhiteElo "2029"]
[BlackElo "1943"]
[PlyCount "55"]
[EventDate "2013.??.??"]

1. d4 e6 2. Nf3 d5 3. c4 Nf6 4. g3 c6 5. Bg2 Nbd7 6. O-O Be7 7. Qc2 O-O 8. Nc3
Re8 9. b3 Bd6 10. Rd1 Qe7 11. e4 dxe4 12. Nxe4 Nxe4 13. Qxe4 e5 14. dxe5 Nxe5
15. Ng5 f5 16. Qc2 Bc5 17. h4 Ng4 18. Nh3 Qe2 19. Qxe2 Rxe2 20. Bf3 Re8 21. Bb2
Be6 22. Bd4 Bxd4 23. Rxd4 Ne5 24. Bg2 Nd7 25. Rad1 Nf6 26. Nf4 Kf7 27. Nd3 Rad8
28. Nc5 1/2-1/2

[Event "PERLA BALTYKU"]
[Site "Lazy"]
[Date "2013.07.07"]
[Round "8.19"]
[White "Prazmowski, Bartosz"]
[Black "Nowak, Maciej"]
[Result "1-0"]
[WhiteElo "2025"]
[BlackElo "2010"]
[PlyCount "107"]
[EventDate "2013.??.??"]

1. d4 Nf6 2. c4 e6 3. Nf3 b6 4. e3 Bb7 5. Nc3 Be7 6. Bd3 d5 7. cxd5 Nxd5 8. O-O
O-O 9. Qc2 g6 10. e4 Nb4 11. Qe2 Nxd3 12. Qxd3 Ba6 13. Qd1 Bxf1 14. Qxf1 Nd7
15. Bh6 Re8 16. Rd1 Qc8 17. d5 e5 18. Rc1 a6 19. Qc4 b5 20. Qd3 Nc5 21. Qe3 Bd6
22. Ne2 Nb7 23. Qg5 Qd8 24. Qg3 Qf6 25. Qg4 Kh8 26. Ng3 Rg8 27. Bg5 Qg7 28. Qh4
Qf8 29. Bf6+ Rg7 30. Nxe5 Nc5 31. Nf3 Nd7 32. Bxg7+ Qxg7 33. Rc2 Ne5 34. Nxe5
Qxe5 35. Qg4 Re8 36. Qf3 Kg7 37. Qd3 Kg8 38. a3 Rb8 39. b4 Qa1+ 40. Nf1 a5 41.
bxa5 Bxa3 42. Rxc7 Bd6 43. Rc6 b4 44. a6 b3 45. a7 Bxh2+ 46. Kxh2 Qxa7 47. Kg1
b2 48. Nd2 Qa2 49. Nb1 Rb3 50. Qd1 Qa4 51. Qc2 Rb4 52. Qxa4 Rxa4 53. Rb6 Rxe4
54. Rxb2 1-0

[Event "PERLA BALTYKU"]
[Site "Lazy"]
[Date "2013.07.07"]
[Round "8.20"]
[White "Ivanova, Karina"]
[Black "Januszkiewicz, Wojciech"]
[Result "1/2-1/2"]
[WhiteElo "2014"]
[BlackElo "1830"]
[PlyCount "44"]
[EventDate "2013.??.??"]

1. d4 Nf6 2. Nf3 e6 3. c4 b6 4. g3 Bb7 5. Bg2 Bb4+ 6. Bd2 Bxd2+ 7. Qxd2 O-O 8.
Nc3 d6 9. O-O Qe7 10. Rfe1 Nbd7 11. e4 e5 12. Nd5 Qd8 13. Rac1 Re8 14. dxe5
dxe5 15. b4 c6 16. Nc3 Qe7 17. Qb2 Rad8 18. Rcd1 g6 19. a3 Ba8 20. Rd2 Nf8 21.
Red1 Rxd2 22. Rxd2 N8d7 1/2-1/2

[Event "PERLA BALTYKU"]
[Site "Lazy"]
[Date "2013.07.07"]
[Round "8.21"]
[White "Wasik, Piotr"]
[Black "Karwowski, Kacper"]
[Result "1/2-1/2"]
[WhiteElo "1990"]
[BlackElo "1930"]
[PlyCount "106"]
[EventDate "2013.??.??"]

1. e4 c5 2. Nf3 e6 3. d4 cxd4 4. Nxd4 Nc6 5. Nb5 d6 6. Bf4 e5 7. Be3 Nf6 8.
N1c3 a6 9. Na3 b5 10. Nd5 Rb8 11. f3 Nxd5 12. Qxd5 Ne7 13. Qd3 Be6 14. c4 b4
15. Nc2 Nc6 16. Be2 g6 17. O-O Qc7 18. b3 f5 19. g4 f4 20. Bf2 h5 21. h3 hxg4
22. fxg4 Qh7 23. Kg2 Rd8 24. Rh1 a5 25. a3 bxa3 26. Rxa3 d5 27. cxd5 Bxa3 28.
Nxa3 Ne7 29. Qb5+ Bd7 30. Qxa5 g5 31. Bf3 Ng6 32. Nc4 Nh4+ 33. Bxh4 Qxh4 34.
Qe1 Qxe1 35. Rxe1 Rb8 36. Rb1 Rh6 37. Nxe5 Rhb6 38. Bd1 Ba4 39. Nf3 Bxb3 40.
Bxb3 Rxb3 41. Rxb3 Rxb3 42. Nxg5 Re3 43. h4 Rg3+ 44. Kf2 Rxg4 45. Kf3 Rxh4 46.
Ne6 Ke7 47. e5 Rh1 48. Nxf4 Re1 49. Nd3 Rd1 50. Ke4 Rd2 51. d6+ Kd7 52. Nf4
Rxd6 53. exd6 Kxd6 1/2-1/2

[Event "PERLA BALTYKU"]
[Site "Lazy"]
[Date "2013.07.07"]
[Round "8.22"]
[White "Szewczyk, Mariusz"]
[Black "Smieszek, Wojciech"]
[Result "0-1"]
[WhiteElo "2047"]
[BlackElo "1843"]
[PlyCount "64"]
[EventDate "2013.??.??"]

1. d4 Nf6 2. c4 c5 3. d5 e6 4. Nc3 exd5 5. Nxd5 Nxd5 6. Qxd5 Be7 7. Nf3 Nc6 8.
Bd2 d6 9. Bc3 Be6 10. Qd3 Bf6 11. e3 O-O 12. Be2 Nb4 13. Bxb4 cxb4 14. Nd4 d5
15. cxd5 Bxd5 16. O-O Rc8 17. Rfc1 Qe7 18. Rxc8 Rxc8 19. Qd2 Qc5 20. Bd3 g6 21.
Ne2 Qd6 22. Be4 Rd8 23. Rd1 Bxe4 24. Qxd6 Rxd6 25. Rxd6 Bxb2 26. Rd2 Bc3 27.
Rd1 b5 28. Rc1 Bf6 29. Rc7 a5 30. Ra7 a4 31. Ra5 Bd3 32. Nc1 Bc4 0-1

[Event "PERLA BALTYKU"]
[Site "Lazy"]
[Date "2013-07-08"]
[Round "9.1"]
[White "Shishkin, Vadim"]
[Black "Warakomski, Tomasz"]
[Result "1/2-1/2"]
[WhiteElo "2502"]
[BlackElo "2488"]
[PlyCount "61"]
[EventDate "2013.??.??"]

1. d4 Nf6 2. c4 e6 3. Nc3 Bb4 4. Qc2 O-O 5. a3 Bxc3+ 6. Qxc3 b6 7. Bg5 Bb7 8.
e3 d6 9. Ne2 Nbd7 10. Qc2 h6 11. Bh4 Qe7 12. Nc3 c5 13. Rd1 cxd4 14. Rxd4 Rfd8
15. f3 Ne5 16. Be2 Ng6 17. Bf2 e5 18. Rd1 d5 19. O-O Rac8 20. Qb3 Ba6 21. Nb5
Rc5 22. a4 Bxb5 23. axb5 dxc4 24. Rxd8+ Qxd8 25. Bxc4 Qc7 26. Rc1 e4 27. Bg3
Ne5 28. Bxe5 Rxe5 29. Qc3 Re8 30. f4 Rd8 31. h3 1/2-1/2

[Event "PERLA BALTYKU"]
[Site "Lazy"]
[Date "2013.07.08"]
[Round "9.2"]
[White "Kanarek, Marcel"]
[Black "Urban, Klaudiusz"]
[Result "1-0"]
[WhiteElo "2478"]
[BlackElo "2462"]
[PlyCount "49"]
[EventDate "2013.??.??"]

1. e4 c6 2. d4 d5 3. e5 Bf5 4. Nf3 e6 5. Be2 Nd7 6. O-O h6 7. Be3 Ne7 8. Nbd2
Bh7 9. c4 dxc4 10. Nxc4 Nd5 11. Bd3 Bxd3 12. Qxd3 Be7 13. Nfd2 b5 14. Na3 a6
15. Ne4 c5 16. Nxc5 Bxc5 17. dxc5 Nxe5 18. Qe4 Nc6 19. Bf4 Nxf4 20. Qxc6+ Ke7
21. Qe4 Qc7 22. Nc2 Nd5 23. Ne3 Nf6 24. Nf5+ Kd7 25. Rad1+ 1-0

[Event "PERLA BALTYKU"]
[Site "Lazy"]
[Date "2013.07.08"]
[Round "9.3"]
[White "Sieciechowicz, Marcin"]
[Black "Bugalski, Michal"]
[Result "1/2-1/2"]
[WhiteElo "2462"]
[BlackElo "2161"]
[PlyCount "99"]
[EventDate "2013.??.??"]

1. d4 Nf6 2. c4 e6 3. Nf3 b6 4. a3 Bb7 5. Nc3 Be7 6. d5 exd5 7. cxd5 O-O 8. e4
d6 9. Be2 c6 10. O-O cxd5 11. exd5 Na6 12. Nd4 Nc7 13. Bf3 Qd7 14. Nc6 Rfe8 15.
Nxe7+ Rxe7 16. Bf4 Rd8 17. Qd2 Qf5 18. Bg5 h6 19. Bxf6 Qxf6 20. Rac1 Re5 21.
Rfe1 Rde8 22. Re4 Qg5 23. Qxg5 hxg5 24. Rxe5 Rxe5 25. Rd1 f5 26. h3 Kf7 27. g3
a6 28. Kf1 Ne8 29. Rd4 Nf6 30. Rb4 b5 31. Rd4 Re7 32. Nd1 Rc7 33. Ne3 g6 34.
Ke2 Nd7 35. Kd1 Nc5 36. Nc2 Na4 37. Kc1 Nb6 38. Kb1 Rc4 39. Rd3 Rc5 40. b4 Rc7
41. Nd4 Bxd5 42. Bxd5+ Nxd5 43. Nxb5 Nxb4 44. Nxd6+ Ke6 45. axb4 Rd7 46. Re3+
Kxd6 47. Ra3 Ra7 48. b5 a5 49. b6 Rb7 50. Rxa5 1/2-1/2

[Event "PERLA BALTYKU"]
[Site "Lazy"]
[Date "2013.07.08"]
[Round "9.4"]
[White "Majdan-Gajewska, Joanna"]
[Black "Jacek, Krystian"]
[Result "1-0"]
[WhiteElo "2375"]
[BlackElo "2139"]
[PlyCount "49"]
[EventDate "2013.??.??"]

1. e4 c5 2. Nf3 e6 3. d4 cxd4 4. Nxd4 a6 5. Nc3 Qc7 6. Bd3 Nc6 7. Be3 Nf6 8.
O-O Ne5 9. h3 Bc5 10. Kh1 d6 11. Qe1 Bd7 12. f4 Ng6 13. f5 Ne5 14. Qh4 Qb6 15.
Nce2 O-O-O 16. fxe6 fxe6 17. b4 Qxb4 18. Rfb1 Qa4 19. Qe1 Nxd3 20. cxd3 e5 21.
Nc3 Qa3 22. Nb3 Bc6 23. Bc1 Qb4 24. Nxc5 Qxc5 25. Be3 1-0

[Event "PERLA BALTYKU"]
[Site "Lazy"]
[Date "2013.07.08"]
[Round "9.5"]
[White "Adamowicz, Maciej"]
[Black "Weichhold, Pawel"]
[Result "0-1"]
[WhiteElo "2036"]
[BlackElo "2382"]
[PlyCount "126"]
[EventDate "2013.??.??"]

1. c4 Nf6 2. Nf3 g6 3. g3 Bg7 4. Bg2 O-O 5. O-O d6 6. Nc3 Nc6 7. Rb1 a5 8. a3
e5 9. d3 Re8 10. Bg5 h6 11. Bxf6 Bxf6 12. b4 axb4 13. axb4 Bg7 14. b5 Ne7 15.
Qb3 Be6 16. Ne1 c6 17. Nc2 d5 18. Nb4 e4 19. Rfd1 e3 20. fxe3 Nf5 21. bxc6 bxc6
22. Nxc6 Qg5 23. cxd5 Qxe3+ 24. Kh1 Bd7 25. Re1 h5 26. Ne4 h4 27. Qb6 Qh6 28.
g4 h3 29. Bf3 Nh4 30. Qf2 Nxf3 31. Qxf3 f5 32. gxf5 gxf5 33. Ng3 Re3 34. Nxf5
Bxf5 35. Qxf5 Rf8 36. Rb8 Rxb8 37. Nxb8 Re5 38. Qc8+ Kh7 39. e4 Qh5 40. Rf1
Rxd5 41. Qc2 Rb5 42. Nd7 Qg4 43. d4 Qxd7 44. e5+ Kg8 45. Qa2+ Qd5+ 46. Qxd5+
Rxd5 47. Rf3 Rxd4 48. Rxh3 Kf7 49. Rf3+ Ke6 50. Kg2 Bxe5 51. Rf2 Bf4 52. Re2+
Kf5 53. Ra2 Rd8 54. Ra5+ Be5 55. Ra2 Rh8 56. Rf2+ Bf4 57. Kf3 Rh3+ 58. Ke2 Ke4
59. Kf1 Rh8 60. Rg2 Rc8 61. Re2+ Be3 62. Kg2 Rg8+ 63. Kh3 Kf3 0-1

[Event "PERLA BALTYKU"]
[Site "Lazy"]
[Date "2013.07.08"]
[Round "9.6"]
[White "Aliavdin, Nikolai"]
[Black "Nowicki, Bartosz"]
[Result "1-0"]
[WhiteElo "2349"]
[BlackElo "2157"]
[PlyCount "61"]
[EventDate "2013.??.??"]

1. e4 c5 2. Nf3 d6 3. d4 cxd4 4. Nxd4 Nf6 5. Nc3 a6 6. Be3 e5 7. Nf3 Qc7 8. a4
Be7 9. Be2 O-O 10. O-O Nbd7 11. Nd2 b6 12. Bc4 Bb7 13. Qe2 Rfd8 14. Rfd1 Nc5
15. Bg5 Ne6 16. Bxf6 Bxf6 17. Bd5 Nd4 18. Qc4 Rac8 19. Bxb7 Qxb7 20. Qd3 b5 21.
axb5 axb5 22. Nb3 Nxc2 23. Ra5 b4 24. Nd5 Bg5 25. g3 Qc6 26. h4 Bf6 27. Qf3 Ra8
28. Qxf6 Qc4 29. Qf3 Nd4 30. Nxd4 Rxa5 31. Nc6 1-0

[Event "PERLA BALTYKU"]
[Site "Lazy"]
[Date "2013.07.08"]
[Round "9.7"]
[White "Pietruszewski, Marcin"]
[Black "Chojnacki, Krzysztof"]
[Result "1/2-1/2"]
[WhiteElo "2099"]
[BlackElo "2442"]
[PlyCount "98"]
[EventDate "2013.??.??"]

1. e4 e5 2. Nf3 Nc6 3. Bb5 Nf6 4. O-O Bc5 5. c3 O-O 6. d4 Bb6 7. Bg5 h6 8. Bxf6
Qxf6 9. Bxc6 Qxc6 10. Nxe5 Qxe4 11. Nd2 Qf4 12. Nec4 d5 13. Nxb6 axb6 14. Re1
Bg4 15. f3 Bd7 16. Nf1 Rfe8 17. Qb3 Qg5 18. a3 h5 19. Kf2 h4 20. Ne3 Be6 21.
Nf1 h3 22. g3 Bd7 23. Ne3 Bc6 24. Nf1 Qg6 25. Re3 Rxe3 26. Nxe3 Re8 27. Qc2 Qe6
28. Re1 g6 29. Qd2 Bd7 30. Nf1 Qf5 31. Rxe8+ Bxe8 32. g4 Qb1 33. Qe2 Ba4 34.
Ne3 c6 35. Kg3 Qg1+ 36. Kxh3 Bb5 37. Qd2 Kg7 38. Ng2 Bf1 39. Kg3 Bxg2 40. Qxg2
Qc1 41. Qe2 g5 42. Qf2 Qf4+ 43. Kg2 Qc1 44. Qe2 f6 45. h3 Kf7 46. Qf2 Kg6 47.
Qe2 Kf7 48. Kh2 Qf4+ 49. Kg2 Qc1 1/2-1/2

[Event "PERLA BALTYKU"]
[Site "Lazy"]
[Date "2013.07.08"]
[Round "9.8"]
[White "Stankiewicz, Pawel"]
[Black "Jarmula, Pawel"]
[Result "1/2-1/2"]
[WhiteElo "2070"]
[BlackElo "2174"]
[PlyCount "85"]
[EventDate "2013.??.??"]

1. e4 c5 2. Nf3 d6 3. d4 cxd4 4. Nxd4 Nf6 5. Nc3 a6 6. Bg5 Nbd7 7. f4 Qc7 8.
Qf3 b5 9. O-O-O Bb7 10. Bd3 g6 11. Rhe1 Bg7 12. Qe2 h6 13. Bh4 e5 14. fxe5 dxe5
15. Nb3 O-O 16. g4 b4 17. Nb1 a5 18. g5 Nh5 19. Bb5 Nb6 20. Qe3 Rfc8 21. c3 a4
22. N3d2 Ra5 23. gxh6 Bf8 24. Be2 a3 25. Bxh5 axb2+ 26. Kc2 bxc3 27. Nb3 Rxa2
28. Bg4 Rb8 29. h7+ Kxh7 30. Qh3 Kg8 31. Bf6 Bg7 32. Bxg7 Kxg7 33. Qxc3 Qe7 34.
Qc5 Qe8 35. Nc3 Raa8 36. Kxb2 Na4+ 37. Nxa4 Qxa4 38. Qxe5+ Kg8 39. Ra1 Qb4 40.
Be6 fxe6 41. Qxe6+ Kg7 42. Qd7+ Kg8 43. Qe6+ 1/2-1/2

[Event "PERLA BALTYKU"]
[Site "Lazy"]
[Date "2013.07.08"]
[Round "9.9"]
[White "Zielinski, Wojciech"]
[Black "Janik, Igor"]
[Result "0-1"]
[WhiteElo "2145"]
[BlackElo "1930"]
[PlyCount "82"]
[EventDate "2013.??.??"]

1. b3 e5 2. Bb2 Nc6 3. e3 g6 4. Nf3 Bg7 5. d4 d6 6. Bb5 e4 7. Nfd2 Qg5 8. Bf1
Nf6 9. h4 Qf5 10. a3 O-O 11. Be2 Re8 12. c4 h5 13. Nc3 Bh6 14. Nb5 Qd7 15. d5
Ne5 16. Qc2 c6 17. Nc3 cxd5 18. cxd5 Qc7 19. Rc1 Bf5 20. Nb5 Qe7 21. Qc7 Rad8
22. Qxe7 Rxe7 23. Nc4 Nxd5 24. Ncxd6 Nd3+ 25. Bxd3 exd3 26. O-O a6 27. Nxf5
gxf5 28. Nd4 Nxe3 29. fxe3 Bxe3+ 30. Kh2 Bxd4 31. Bxd4 Rxd4 32. Rcd1 Rxh4+ 33.
Kg3 Rg4+ 34. Kf3 Rd7 35. g3 Kg7 36. Rfe1 d2 37. Re2 Rd3+ 38. Kf2 Rgxg3 39.
Rdxd2 Rxd2 40. Rxd2 Rxb3 41. Rd7 b5 0-1

[Event "PERLA BALTYKU"]
[Site "Lazy"]
[Date "2013.07.08"]
[Round "9.10"]
[White "Reza, Wojciech"]
[Black "Kovalev, Egor"]
[Result "1/2-1/2"]
[WhiteElo "2122"]
[BlackElo "2099"]
[PlyCount "85"]
[EventDate "2013.??.??"]

1. c4 Nf6 2. Nc3 d5 3. cxd5 Nxd5 4. e4 Nxc3 5. bxc3 g6 6. Nf3 Bg7 7. Bc4 O-O 8.
O-O c5 9. Rb1 Nc6 10. Qc2 Bg4 11. Be2 b6 12. d3 e5 13. h3 Be6 14. Ng5 Bd7 15.
f4 h6 16. Nf3 exf4 17. Bxf4 g5 18. Bd6 Re8 19. Bh2 f5 20. Nd2 Qf6 21. Rbc1 f4
22. Kh1 Rad8 23. Bg1 Kh8 24. Bh5 Re7 25. Nf3 Be8 26. Bxe8 Rdxe8 27. Rfe1 h5 28.
d4 cxd4 29. cxd4 Nb4 30. Qc4 g4 31. Nh2 gxh3 32. Qxb4 hxg2+ 33. Kxg2 Qg6+ 34.
Kf1 Rxe4 35. Rxe4 Qxe4 36. Qd2 Qd5 37. Rc3 Qf5 38. Rd3 Bf8 39. Rf3 Qb1+ 40. Kg2
Bd6 41. Nf1 Rg8+ 42. Kh1 Qe4 43. Qf2 1/2-1/2

[Event "PERLA BALTYKU"]
[Site "Lazy"]
[Date "2013.07.08"]
[Round "9.12"]
[White "Adamowicz, Katarzyna"]
[Black "Eggink, Mateusz"]
[Result "1/2-1/2"]
[WhiteElo "2104"]
[BlackElo "2044"]
[PlyCount "119"]
[EventDate "2013.??.??"]

1. e4 c5 2. Nf3 d6 3. d4 cxd4 4. Nxd4 Nf6 5. Nc3 a6 6. Be2 e5 7. Nb3 Be7 8. O-O
O-O 9. Kh1 b5 10. f3 Bb7 11. Nd5 Nxd5 12. exd5 Nd7 13. a4 Nf6 14. axb5 axb5 15.
Rxa8 Qxa8 16. Bxb5 Nxd5 17. Bd2 Nc7 18. Bd3 f5 19. Na5 Bd5 20. c4 Be6 21. Qe2
Bf6 22. b4 d5 23. b5 e4 24. fxe4 fxe4 25. Bc2 Bd4 26. Nb3 Bg4 27. Qe1 e3 28.
Rxf8+ Qxf8 29. Bxe3 Bxe3 30. Qxe3 Qf1+ 31. Qg1 Qxc4 32. Qb1 Qxb5 33. Bxh7+ Kf8
34. h3 Be6 35. Qd1 Qc4 36. Qf3+ Ke7 37. Qe3 Kd7 38. Nd4 Qf1+ 39. Kh2 Qf6 40.
Bd3 Kd6 41. Nf3 Kc6 42. Be2 Bd7 43. Nd4+ Kb7 44. Bf3 Qd6+ 45. Kh1 Ba4 46. Nf5
Qf6 47. Ne7 Qd6 48. Qg5 Ka6 49. Nxd5 Nxd5 50. Qxd5 Qxd5 51. Bxd5 Kb6 52. Kh2
Kc5 53. Bf3 Kd6 54. Kg3 Ke5 55. Kg4 Kf6 56. h4 Bd7+ 57. Kf4 g5+ 58. hxg5+ Kg7
59. g4 Bb5 60. Be4 1/2-1/2

[Event "PERLA BALTYKU"]
[Site "Lazy"]
[Date "2013.07.08"]
[Round "9.13"]
[White "Galaktionov, Artem"]
[Black "Bednarska-bzdega, Malgorzata"]
[Result "0-1"]
[WhiteElo "1943"]
[BlackElo "2115"]
[PlyCount "152"]
[EventDate "2013.??.??"]

1. e4 d5 2. exd5 Nf6 3. Nf3 Nxd5 4. d4 g6 5. h3 Bg7 6. Bc4 O-O 7. O-O Nc6 8. c3
h6 9. Na3 a6 10. Nc2 Kh7 11. Nh2 Nb6 12. Bd3 e5 13. Nf3 exd4 14. Ncxd4 Nxd4 15.
Nxd4 c5 16. Nc2 Be6 17. Bf4 Nc4 18. Bxc4 Bxc4 19. Re1 Qb6 20. Qc1 Rfe8 21. Ne3
Be6 22. Qc2 Rad8 23. b3 Qa5 24. Rac1 b5 25. Red1 Rxd1+ 26. Nxd1 Bf5 27. Qd2 Qd8
28. Qxd8 Rxd8 29. Kf1 c4 30. b4 g5 31. Be3 Bd3+ 32. Ke1 f5 33. f4 Re8 34. Kf2
gxf4 35. Bxf4 Re2+ 36. Kg1 Rxa2 37. Bg3 Rc2 38. Rxc2 Bxc2 39. Ne3 Be4 40. Be1
Kg6 41. Kf2 Kf7 42. Bd2 Ke6 43. g3 Kd7 44. g4 fxg4 45. hxg4 Ke6 46. Nf1 Bd3 47.
Ng3 Ke5 48. Kf3 Bc2 49. Ke2 Kd5 50. Nf1 Bd3+ 51. Kf2 Bxf1 52. Kxf1 Ke4 53. Ke2
Bf6 54. Bxh6 Bxc3 55. Bf8 Kf4 56. Kd1 Kxg4 57. Kc2 Bd4 58. Bh6 Kf5 59. Bf8 Ke4
60. Be7 Kd5 61. Bg5 Kc6 62. Bh4 Kb7 63. Bg5 Be5 64. Be3 Bc7 65. Bd2 a5 66. bxa5
Ka6 67. Kb2 Bxa5 68. Be3 b4 69. Bd4 Kb5 70. Bg7 Ka4 71. Bf6 b3 72. Bg5 c3+ 73.
Ka1 Ka3 74. Be7+ Bb4 75. Bg5 b2+ 76. Kb1 Kb3 0-1

[Event "PERLA BALTYKU"]
[Site "Lazy"]
[Date "2013.07.08"]
[Round "9.16"]
[White "Kowalski, Maciej"]
[Black "Mazalon, Mariusz"]
[Result "1/2-1/2"]
[WhiteElo "1908"]
[BlackElo "2029"]
[PlyCount "22"]
[EventDate "2013.??.??"]

1. d4 d5 2. c4 e6 3. Nc3 c5 4. cxd5 exd5 5. Nf3 Nc6 6. g3 Nf6 7. Bg2 Be7 8. O-O
O-O 9. Bf4 Bg4 10. dxc5 d4 11. Nb5 Bxc5 1/2-1/2

[Event "PERLA BALTYKU"]
[Site "Lazy"]
[Date "2013.07.08"]
[Round "9.17"]
[White "Nowak, Ryszard"]
[Black "Tselkovskiy, Kirill"]
[Result "1/2-1/2"]
[WhiteElo "2010"]
[BlackElo "2027"]
[PlyCount "27"]
[EventDate "2013.??.??"]

1. c4 Nf6 2. Nc3 c5 3. Nf3 e6 4. d4 cxd4 5. Nxd4 d6 6. g3 a6 7. Bg2 Qc7 8. O-O
Be7 9. b3 Nc6 10. Bb2 Bd7 11. Rc1 Nxd4 12. Qxd4 O-O 13. Rfd1 Rfd8 14. Rd2
1/2-1/2

[Event "PERLA BALTYKU"]
[Site "Lazy"]
[Date "2013.07.08"]
[Round "9.18"]
[White "Smal, Tobiasz"]
[Black "Karwowski, Kacper"]
[Result "1/2-1/2"]
[WhiteElo "1893"]
[BlackElo "1930"]
[PlyCount "46"]
[EventDate "2013.??.??"]

1. e4 c5 2. Nf3 d6 3. d4 cxd4 4. Nxd4 Nf6 5. Nc3 a6 6. Bg5 e6 7. f4 Nbd7 8. Qf3
Qc7 9. O-O-O b5 10. e5 Bb7 11. Qh3 dxe5 12. Nxe6 fxe6 13. Qxe6+ Be7 14. Bxb5
axb5 15. Nxb5 Qb6 16. Nd6+ Kd8 17. Bxf6 gxf6 18. Nf7+ Ke8 19. Nd6+ Kd8 20. fxe5
Bxg2 21. Nf7+ Ke8 22. Nd6+ Kd8 23. Nf7+ Ke8 1/2-1/2

[Event "PERLA BALTYKU"]
[Site "Lazy"]
[Date "2013.07.08"]
[Round "9.19"]
[White "Malaczek, Mateusz"]
[Black "Ivanova, Karina"]
[Result "1-0"]
[WhiteElo "1849"]
[BlackElo "2014"]
[PlyCount "99"]
[EventDate "2013.??.??"]

1. c4 Nf6 2. g3 e6 3. Bg2 c5 4. Nf3 Nc6 5. O-O b6 6. Nc3 Bb7 7. d4 cxd4 8. Nxd4
Be7 9. Nxc6 Bxc6 10. Bxc6 dxc6 11. Qa4 Qc8 12. Bg5 O-O 13. c5 h6 14. Bxf6 Bxf6
15. Rab1 b5 16. Qc2 Rd8 17. Ne4 Be7 18. Rfd1 Qc7 19. Rxd8+ Rxd8 20. Rd1 Rd5 21.
b4 Qd8 22. Rxd5 Qxd5 23. Nd2 Qd4 24. a3 Qa1+ 25. Nb1 Bf6 26. Kg2 g6 27. Qd3 Kg7
28. Kf3 h5 29. h4 Bb2 30. e3 Be5 31. Qe4 Bf6 32. Qd3 Qb2 33. Nd2 Qc3 34. Qxc3
Bxc3 35. Nb3 Kf8 36. Na5 Bb2 37. Nxc6 a6 38. Nb8 Ke7 39. Nxa6 Kd7 40. a4 Kc6
41. axb5+ Kxb5 42. Nb8 Be5 43. Nd7 Bc7 44. Ke4 Kxb4 45. Ne5 f6 46. Nxg6 Kxc5
47. Nf4 f5+ 48. Kf3 Be5 49. Nxe6+ Kd6 50. Nf4 1-0

[Event "PERLA BALTYKU"]
[Site "Lazy"]
[Date "2013.07.08"]
[Round "9.20"]
[White "Januszkiewicz, Wojciech"]
[Black "Suliborski, Jakub"]
[Result "1/2-1/2"]
[WhiteElo "1830"]
[BlackElo "2007"]
[PlyCount "32"]
[EventDate "2013.??.??"]

1. e4 e6 2. d4 d5 3. Nc3 dxe4 4. Nxe4 Bd7 5. c3 Bc6 6. Ng3 Nf6 7. Nf3 Nbd7 8.
Bd3 Be7 9. O-O O-O 10. Re1 b6 11. Qe2 Bb7 12. Ng5 Bd6 13. N5e4 Nxe4 14. Nxe4
Nf6 15. Nxd6 Qxd6 16. Qe5 Qxe5 1/2-1/2

[Event "PERLA BALTYKU"]
[Site "Lazy"]
[Date "2013.07.08"]
[Round "9.21"]
[White "Smieszek, Wojciech"]
[Black "Wasik, Piotr"]
[Result "1-0"]
[WhiteElo "1843"]
[BlackElo "1990"]
[PlyCount "61"]
[EventDate "2013.??.??"]

1. e4 c5 2. Nf3 e6 3. d4 cxd4 4. Nxd4 a6 5. Bd3 Nf6 6. O-O Qc7 7. Nc3 b5 8. a3
Bb7 9. Be3 d6 10. f4 Be7 11. Qf3 Nbd7 12. Rad1 Nc5 13. Kh1 O-O 14. g4 d5 15. e5
Nfe4 16. g5 g6 17. Qh3 Nxc3 18. bxc3 Nxd3 19. Rxd3 Bxa3 20. Bc1 Bxc1 21. Rxc1
h5 22. gxh6 Kh7 23. Rg3 Qb6 24. Rb1 Rae8 25. Qg2 Bc8 26. h4 Kxh6 27. Rg1 Rg8
28. h5 g5 29. Rxg5 Qd8 30. Rxg8 Rxg8 31. Qxg8 1-0